| 000 | 00823nam a2200241 a 4500 | ||
|---|---|---|---|
| 001 | 000011114 | ||
| 003 | DO-SdBNP | ||
| 005 | 20240412074223.0 | ||
| 008 | 091014s2005 dr 001 0 spa d | ||
| 040 |
_aDO-SdBNP _bspa _cBNPHU |
||
| 082 | 4 |
_aRD861.44 _bR173p _222 |
|
| 100 | 1 |
_aRamírez Balbuena, Luis Felipe _d1968- _926621 |
|
| 245 | 1 | 3 |
_aLa pluma romántica / _bLuis Felipe Ramírez Balbuena ; prólogo Tomás Rafael Payano. |
| 260 |
_aSanto Domingo : _bAmigo del Hogar, _c2005. |
||
| 300 |
_a117 p. ; _c22 cm. |
||
| 500 | _aIncluye datos biográficos del autor en las solapas | ||
| 590 | _aInventariado, 2022/MFF | ||
| 650 | 4 |
_aPoesía dominicana _966 |
|
| 650 | 0 |
_aLiteratura dominicana. _967 |
|
| 700 | 1 |
_aPayano, Tomás Rafael _epról. _926622 |
|
| 910 | _aValidado. Control de calidad MFF | ||
| 942 |
_2ddc _cLBS1 |
||
| 999 |
_c10839 _d10839 |
||